000 00807nam a2200313Ia 4500
001 Z_2603
003 CHAP
008 220113s1974 xx 000 0 und d
010 _a165663
040 _cCHAP
082 _a581.11 P4
100 _aPeel, A. J.
_986580
245 _aTransport of nutrients in plants /
_cpor A. J. Peel
260 _aLondon :
_bButterworths,
_c1974
300 _a258 p. :
_bilus. ; gráfs.
440 _a
500 _aBibliografía : pp. 222-242
503 _a109593
650 _aFisiología vegetal
_941136
650 _aLíquidos
_xMovimiento en plantas I. t.
_9139600
650 _aPlantas
_xNutrición
_988874
650 _aQuímica vegetal
_993602
901 _a581.11 P4
902 _aA
910 _a1974
942 _c1
942 _cc1
999 _c165663
_d165663